1378 1739 1164 1741 1602 1914 1954 1832 1681 1784 1850 1833 1075 1932 1349 1695 1557 1457 1247 1237 1560 1879 1577 1291 1961 1694 1419 1937 1571 1998 1369 1648 1126 1647 1302 1223 1034 1376 1811 1870 1743 1581 1089 1658 1386 1580 1347 1682 1332 1848 1213 1496 1171 1860 1540 1754 1292 1446 1853 1042 1759 1995 1851 1580 1005 1817 1498 1467 1185 1653 1056 1009 1741 1732 1559 1833 1396 1424 1504 1429 1431 1729 1559 1600 1524 1469 1659 1930 1934 1993 1435 1811 1652 1078 1238 1666 1754 1599 1591 BCNSPRNW ULIB Ver.6.0+V

เปลี่ยนเป็นภาษาไทย

Change to English
 แสดงรายละเอียดบรรณานุกรม
  กลับหน้าหลัก

Brief Record : Get Marc (ISO 2709) : E-mail record : QR code < ปิดหน้าต่าง
LEADER : 00000nam 2200000uu 4500
001    13399120060
003     ULIB
008    120828s2552||||th 000 0 tha d
020    ^a9786165000130
090    ^aนว.^bธ521ล 2552
100 0  ^aมักเน
245 00 ^aเล่ห์แค้น แผนรัก/^cธารใส
250    ^aพิมพ์ครั้งที่ 1
260    ^aกรุงเทพฯ :^bพิมพ์คำ,^c2552
300    ^a418 หน้า
945    ^p270^l0^i16289
995    ^aกัณชพร
999    ^aใช้งานได้ทุกระบบ
รายการนี้ยังไม่มีแท็ก
คุณยังไม่ได้ล็อกอิน คุณสามารถมีกิจกรรมร่วมกับเว็บไซต์ได้ แต่ต้องล็อกอินก่อน ::
  ล็อกอิน

รายการสื่อสารสนเทศ

ลำดับที่ ประเภท เลขเรียก/บาร์โค้ด สถานที่ สถานะ
1. นวนิยาย
นวนิยาย
นว. ธ521ล 2552  
  Barcode: 16289
ห้องสมุดวิทยาเขตสวรรค์ประชารักษ์
►นวนิยาย
บนชั้น
  ขอยืม

รายการใกล้เคียง
    ผู้แต่ง [มักเน]

BibComment


ยังไม่เคยถูกคอมเมนท์

คอมเมนท์ทรัพยากรรายการนี้
  คอมเมนท์: เล่ห์แค้น แผนรัก..


 Copyright 2026. Bcnsprnw @Library